[Event "Elit(Skara-Eksjoe)"]
[Site "?"]
[Date "2006.??.??"]
[Round "8"]
[White "Andersson, Goran"]
[Black "Andersson, Johan"]
[Result "1-0"]
[WhiteElo "2236"]
[BlackElo "2237"]
[PlyCount "73"]
[EventDate "2006.??.??"]

1. e4 g6 2. d4 Bg7 3. Nc3 d6 4. f4 a6 5. Nf3 b5 6. Bd3 Nd7 7. e5 c5 8. exd6
cxd4 9. Ne4 Nh6 10. O-O O-O 11. dxe7 Qxe7 12. a4 b4 13. a5 Nc5 14. Nxc5 Qxc5
15. Ng5 Nf5 16. Qf3 Rb8 17. b3 Bb7 18. Qh3 h6 19. Nf3 Bc8 20. g4 Ne3 21. f5
gxf5 22. gxf5 Bxf5 23. Qh5 Rbd8 24. Nh4 Rd5 25. Rxf5 Nxf5 26. Nxf5 Re8 27. Bf4
Re6 28. Rf1 Rg6+ 29. Bg3 Rf6 30. Ne7+ Qxe7 31. Qxd5 Rxf1+ 32. Kxf1 Qe3 33. Qe4
Qc1+ 34. Kg2 Qd2+ 35. Kh3 Qg5 36. Qf5 Qe7 37. Bf4 1-0

[Event "Elit(Skara-Eksjo)"]
[Site "?"]
[Date "2006.??.??"]
[Round "8"]
[White "Gustafsson, Fredrik"]
[Black "Cederqvist, Niclas"]
[Result "1-0"]
[WhiteElo "2209"]
[BlackElo "2126"]
[PlyCount "51"]
[EventDate "2006.??.??"]

1. e4 e6 2. d4 d5 3. Nc3 Nf6 4. Bg5 Be7 5. e5 Nfd7 6. h4 Bxg5 7. hxg5 Qxg5 8.
Nh3 Qe7 9. Nf4 a6 10. Bd3 c5 11. Qh5 cxd4 12. Ncxd5 exd5 13. Nxd5 Qc5 14. e6 g6
15. exf7+ Kxf7 16. Bxg6+ hxg6 17. Qxh8 Qxd5 18. Rh7+ Ke6 19. Qxc8 b5 20. O-O-O
b4 21. Qc7 a5 22. Re1+ Kf5 23. g4+ Kg5 24. Qg3 Ra6 25. f4+ Kf6 26. Qh4+ 1-0

[Event "Elit(Skara-Eksjo)"]
[Site "?"]
[Date "2006.??.??"]
[Round "8"]
[White "Jacobsson, Eric"]
[Black "Krantz, Christopher"]
[Result "1/2-1/2"]
[WhiteElo "2150"]
[BlackElo "2196"]
[PlyCount "69"]
[EventDate "2006.??.??"]

1. e4 e6 2. d4 d5 3. Nd2 dxe4 4. Nxe4 Bd7 5. Nf3 Bc6 6. Bd3 Nd7 7. O-O Ngf6 8.
Ng3 Be7 9. c4 O-O 10. Bf4 Bxf3 11. Qxf3 c5 12. d5 exd5 13. cxd5 Nb6 14. Rad1
Bd6 15. Bg5 Nbd7 16. Ne4 Be5 17. Bb5 Qc8 18. Bxd7 Nxd7 19. Be7 Re8 20. Nd6 Bxd6
21. Bxd6 Nf6 22. Bg3 Qd7 23. d6 Re6 24. Rfe1 Rae8 25. Rxe6 Rxe6 26. Qa3 b6 27.
Qf3 Ne4 28. Bf4 h6 29. h3 b5 30. Qd3 c4 31. Qd4 Kh7 32. f3 Nf6 33. Kf1 Re8 34.
Be5 Re6 35. f4 1/2-1/2

[Event "Elit(Lulea-SodraSASS)"]
[Site "?"]
[Date "2006.??.??"]
[Round "8"]
[White "Furhoff, Johan"]
[Black "Astrom, Robert"]
[Result "0-1"]
[WhiteElo "2430"]
[BlackElo "2497"]
[PlyCount "102"]
[EventDate "2006.??.??"]

1. e4 c5 2. Nf3 d6 3. d4 cxd4 4. Nxd4 Nf6 5. Nc3 a6 6. Bg5 e6 7. f4 Qc7 8. Bd3
b5 9. Qe2 b4 10. Nd1 Nbd7 11. Nf2 h6 12. Bh4 e5 13. fxe5 dxe5 14. Nf5 g6 15.
Ne3 Bb7 16. O-O-O Bg7 17. Nfg4 O-O 18. Bxf6 Nxf6 19. Nxf6+ Bxf6 20. h4 a5 21.
Kb1 Bg7 22. h5 g5 23. Rhf1 Qc5 24. Nd5 Bc8 25. Bc4 Be6 26. Ne3 Rac8 27. Bd5 a4
28. Rd3 Rc7 29. g4 Rb8 30. Qd2 Bf8 31. Rc1 Qb6 32. b3 Rbc8 33. Nc4 Qa6 34. Bxe6
Qxe6 35. Qe2 Bc5 36. Rd5 Bd4 37. Rf1 axb3 38. cxb3 Rxc4 39. bxc4 b3 40. axb3
Ra8 41. Rxd4 exd4 42. Qf3 Ra7 43. Rf2 Qa6 44. Rb2 Qa1+ 45. Kc2 Qe1 46. b4 Ra1
47. Kb3 Rc1 48. Qe2 Qc3+ 49. Ka4 d3 50. Qh2 Qxc4 51. Ra2 Rc2 0-1

[Event "Elit(Lulea-SodraSASS)"]
[Site "?"]
[Date "2006.??.??"]
[Round "8"]
[White "Setterqvist, Kurt"]
[Black "Ornstein, Axel"]
[Result "0-1"]
[WhiteElo "2338"]
[BlackElo "2417"]
[PlyCount "132"]
[EventDate "2006.??.??"]

1. d4 Nf6 2. Nf3 e6 3. Bg5 c5 4. e3 h6 5. Bxf6 Qxf6 6. Bd3 Nc6 7. c3 d5 8. O-O
Qd8 9. Nbd2 Be7 10. Qe2 O-O 11. dxc5 Bxc5 12. e4 dxe4 13. Qxe4 g6 14. Rad1 e5
15. Nb3 Bd6 16. Bc4 Qf6 17. Qh4 g5 18. Qh5 e4 19. Nfd4 Ne5 20. Be2 Qg6 21.
Qxg6+ Nxg6 22. Nb5 Be5 23. Nd6 Nf4 24. Bc4 Bg4 25. Rd2 Bxd6 26. Rxd6 Rad8 27.
Rxd8 Rxd8 28. Nd4 Bh5 29. Re1 Bg6 30. g3 Nd3 31. Bxd3 exd3 32. f3 b5 33. Kf2 b4
34. Nc6 bxc3 35. bxc3 Rd6 36. Ne7+ Kg7 37. Nxg6 Kxg6 38. Rd1 Ra6 39. Rd2 Ra3
40. c4 Rc3 41. Ke3 Rxc4 42. Rxd3 Ra4 43. a3 h5 44. Kd2 h4 45. Ke3 f5 46. gxh4
Rxh4 47. Rd6+ Kh5 48. Ra6 Rxh2 49. Rxa7 Ra2 50. Rh7+ Kg6 51. Ra7 f4+ 52. Kd3
Rf2 53. Ra6+ Kh5 54. Ke4 Kh4 55. a4 Re2+ 56. Kf5 Re3 57. Rg6 Rc3 58. Rh6+ Kg3
59. Rh1 Rc5+ 60. Ke4 Rc4+ 61. Kf5 Rxa4 62. Rg1+ Kxf3 63. Kxg5 Ra8 64. Rb1 Kg3
65. Rg1+ Kf2 66. Rb1 f3 0-1

[Event "Elit(Lulea-SodraSASS)"]
[Site "?"]
[Date "2006.??.??"]
[Round "8"]
[White "Sjoberg, Mats"]
[Black "Larsson, Anders"]
[Result "0-1"]
[WhiteElo "2398"]
[BlackElo "2394"]
[PlyCount "108"]
[EventDate "2006.??.??"]

1. d4 d6 2. Nf3 Bg4 3. e4 Nf6 4. Nc3 e6 5. Be2 Be7 6. O-O O-O 7. Be3 d5 8. e5
Nfd7 9. Ne1 Bxe2 10. Nxe2 c5 11. c3 Nc6 12. f4 f6 13. exf6 Nxf6 14. Ng3 cxd4
15. Bxd4 Nxd4 16. cxd4 Qb6 17. Nf3 Ne4 18. Ne5 Bf6 19. Nxe4 Bxe5 20. Nc5 Bf6
21. Qd2 Rfe8 22. Rac1 a5 23. a3 Qb5 24. Rfe1 Kf7 25. Kh1 b6 26. Nd3 Rac8 27.
Ne5+ Bxe5 28. fxe5 Kg8 29. Kg1 Rf8 30. h3 Rc4 31. Rf1 Rxf1+ 32. Rxf1 Qe8 33.
Qd3 h6 34. b3 Rc7 35. a4 Qc6 36. Rf3 Qc2 37. Qe3 Qc1+ 38. Qxc1 Rxc1+ 39. Kf2
Rc2+ 40. Ke3 Rxg2 41. Kd3 Rb2 42. Kc3 Rh2 43. b4 h5 44. Kb3 Rd2 45. Rc3 Rxd4
46. bxa5 bxa5 47. Rc5 Rd3+ 48. Kb2 Rxh3 49. Rxa5 Re3 50. Rc5 h4 51. a5 h3 52.
a6 h2 53. Rc1 Rf3 54. Rh1 Rf8 0-1

[Event "Elit(Lulea-SodraSASS)"]
[Site "?"]
[Date "2006.??.??"]
[Round "8"]
[White "Kauppila, Osmo"]
[Black "Welin, Thomas"]
[Result "1-0"]
[WhiteElo "2331"]
[BlackElo "2382"]
[PlyCount "53"]
[EventDate "2006.??.??"]

1. e4 c5 2. Nf3 Nc6 3. Bb5 g6 4. O-O Bg7 5. c3 Nf6 6. Qa4 Qb6 7. e5 Nd5 8. d4
cxd4 9. cxd4 O-O 10. Nc3 Nxc3 11. bxc3 d6 12. exd6 exd6 13. Bf4 Ne7 14. Bc4 d5
15. Rab1 Qd8 16. Bd3 a6 17. Qa3 Nc6 18. Rfe1 Bg4 19. Rxb7 Bxf3 20. gxf3 Rc8 21.
Kg2 Qf6 22. Qd6 Na5 23. Qxf6 Bxf6 24. Rc7 g5 25. Bd6 Nc4 26. Bxf8 Rxc7 27. Re8
1-0

[Event "Elit(Lulea-SodraSASS)"]
[Site "?"]
[Date "2006.??.??"]
[Round "8"]
[White "Lundvik, Jonas"]
[Black "Engstrom, Kaj"]
[Result "0-1"]
[WhiteElo "2348"]
[BlackElo "2206"]
[PlyCount "108"]
[EventDate "2006.??.??"]

1. d4 d5 2. Nf3 Nf6 3. c4 c6 4. e3 e6 5. Nc3 Nbd7 6. Qc2 Bb4 7. Bd3 O-O 8. cxd5
exd5 9. g4 Ne4 10. Bxe4 dxe4 11. Nd2 Qh4 12. h3 Nf6 13. Ndxe4 Nxe4 14. Qxe4 f5
15. Qg2 fxg4 16. hxg4 Rxf2 17. Rxh4 Rxg2 18. Kf1 Rxg4 19. Rxg4 Bxg4 20. e4 Rf8+
21. Kg1 Rf3 22. d5 cxd5 23. Nxd5 Bc5+ 24. Kg2 h5 25. Bg5 Rf2+ 26. Kg3 Rxb2 27.
Rc1 b6 28. a4 Re2 29. Be7 Rxe4 30. Bxc5 bxc5 31. Rxc5 Rxa4 32. Nf4 Kf7 33. Nxh5
Bxh5 34. Rxh5 Kf6 35. Rc5 g5 36. Rd5 a5 37. Rb5 Kg6 38. Rb8 Rb4 39. Ra8 a4 40.
Ra7 Kf6 41. Ra5 g4 42. Rd5 Ke6 43. Rd8 Ke5 44. Rd7 Rd4 45. Rb7 Kd5 46. Rc7 Rc4
47. Rb7 Kc5 48. Rb8 Rb4 49. Rg8 Kc4 50. Kxg4 a3 51. Ra8 Kb3+ 52. Kf3 a2 53. Ke3
Ra4 54. Rb8+ Ka3 0-1

[Event "Elit(Lulea-SodraSASS)"]
[Site "?"]
[Date "2006.??.??"]
[Round "8"]
[White "Marklund, Nicklas"]
[Black "Winge, Stefan"]
[Result "1-0"]
[WhiteElo "2295"]
[BlackElo "2263"]
[PlyCount "85"]
[EventDate "2006.??.??"]

1. d4 Nf6 2. c4 g6 3. Nc3 d5 4. cxd5 Nxd5 5. e4 Nxc3 6. bxc3 Bg7 7. Bc4 c5 8.
Ne2 Nc6 9. Be3 cxd4 10. cxd4 Qa5+ 11. Bd2 Qa3 12. d5 Ne5 13. Bb5+ Bd7 14. Bxd7+
Nxd7 15. Rc1 O-O 16. Qc2 Nb6 17. Qb1 Bb2 18. Rc2 Na4 19. Rc4 Bf6 20. O-O Nb6
21. Rc7 Qa6 22. Ng3 Nc4 23. Bb4 Rac8 24. Rxc8 Rxc8 25. Rc1 Qb6 26. Qb3 Qd4 27.
Qd1 Qb2 28. a3 b5 29. f4 Bd4+ 30. Kh1 Re8 31. Rb1 Ne3 32. Rxb2 Nxd1 33. Rd2
Nf2+ 34. Kg1 Bb6 35. Rxf2 Rc8 36. Kf1 Rc1+ 37. Be1 Bxf2 38. Kxf2 Rc2+ 39. Ne2
Ra2 40. Bb4 a5 41. Bxe7 b4 42. axb4 a4 43. d6 1-0

[Event "Elit(Lulea-SodraSASS)"]
[Site "?"]
[Date "2006.??.??"]
[Round "8"]
[White "Adler, Bo"]
[Black "Pettersson, Tobias"]
[Result "1/2-1/2"]
[WhiteElo "2145"]
[BlackElo "2147"]
[PlyCount "101"]
[EventDate "2006.??.??"]

1. d4 d6 2. e4 Nf6 3. Nc3 g6 4. Nf3 Bg7 5. Be2 Bg4 6. Be3 O-O 7. O-O c6 8. h3
Bxf3 9. Bxf3 e5 10. Qd2 Re8 11. Rad1 Qe7 12. a4 Nbd7 13. Rfe1 Kh8 14. dxe5 dxe5
15. a5 Bf8 16. Qd3 Qb4 17. Ra1 Nc5 18. Bxc5 Qxc5 19. Red1 Qe7 20. Qc4 Qe6 21.
Qxe6 Rxe6 22. Na4 Ree8 23. b3 Bb4 24. Nb2 Bc3 25. Ra2 Bxb2 26. Rxb2 Red8 27.
Rbb1 Kg7 28. Kf1 Kf8 29. Ke2 Ke7 30. Ke3 h5 31. Be2 Ne8 32. g3 Nc7 33. f4 Rxd1
34. Rxd1 exf4+ 35. gxf4 Rd8 36. Rxd8 Kxd8 37. f5 Ke7 38. Kf4 gxf5 39. exf5 Nd5+
40. Kg5 f6+ 41. Kh4 Nf4 42. Bxh5 Ng2+ 43. Kg3 Ne3 44. c3 Nxf5+ 45. Kf4 Nd6 46.
c4 c5 47. Bf3 b6 48. axb6 axb6 49. Bd5 Kf8 50. Be6 Kg7 51. Bg4 1/2-1/2

[Event "Elit(Lulea-SodraSASS)"]
[Site "?"]
[Date "2006.??.??"]
[Round "8"]
[White "Almstrom, Martin"]
[Black "Karlsson, Mikael"]
[Result "1/2-1/2"]
[WhiteElo "2245"]
[BlackElo "2034"]
[PlyCount "71"]
[EventDate "2006.??.??"]

1. d4 e6 2. c4 Nf6 3. Nf3 Bb4+ 4. Nbd2 b6 5. e3 Bb7 6. Bd3 O-O 7. O-O d5 8. a3
dxc4 9. Nxc4 Bd6 10. b4 Nbd7 11. Bb2 Qe7 12. Nfe5 a6 13. Rc1 Rac8 14. Qe2 Rfd8
15. e4 c5 16. Nxd6 Qxd6 17. bxc5 bxc5 18. Nc4 Qb8 19. Na5 Bxe4 20. Bxa6 Rc7 21.
dxc5 Rxc5 22. Rxc5 Nxc5 23. Bxf6 gxf6 24. Qg4+ Kf8 25. Re1 Qb6 26. Nc4 Qxa6 27.
Ne3 Qxa3 28. Qf4 Qc3 29. Rf1 Qe5 30. Qh4 Qg5 31. Qh3 Nd3 32. Rd1 Ke7 33. Nf1
Nf4 34. Qa3+ Ke8 35. Qa4+ Ke7 36. Qa3+ 1/2-1/2

[Event "Elit(SodraSASS-Limhamn)"]
[Site "?"]
[Date "2006.??.??"]
[Round "9"]
[White "Hector, Jonny"]
[Black "Akesson, Ralf"]
[Result "1/2-1/2"]
[WhiteElo "2609"]
[BlackElo "2582"]
[PlyCount "53"]
[EventDate "2006.03.19"]

1. d4 d5 2. Nc3 Nf6 3. Bg5 Nbd7 4. Qd3 h6 5. Bf4 a6 6. g4 c5 7. O-O-O e6 8. Qg3
cxd4 9. Bc7 Qe7 10. Rxd4 b5 11. e4 Qc5 12. Nge2 dxe4 13. b4 Qg5+ 14. f4 Qxg4
15. Qe1 Bb7 16. Rg1 Qh5 17. Ng3 Qh4 18. Qd2 Rc8 19. Be5 e3 20. Qxe3 Ng4 21. Qd2
Ngxe5 22. fxe5 Qg5 23. Rxd7 Qxd2+ 24. Rxd2 Rxc3 25. Nh5 Bxb4 26. Rxg7 Re3 27.
Nf6+ 1/2-1/2

[Event "Elit(SodraSASS-Limhamn)"]
[Site "?"]
[Date "2006.??.??"]
[Round "9"]
[White "Kulaots, Kaido"]
[Black "Brynell, Stellan"]
[Result "0-1"]
[WhiteElo "2656"]
[BlackElo "2628"]
[PlyCount "82"]
[EventDate "2006.03.19"]

1. e4 e6 2. d4 d5 3. Nc3 Nf6 4. e5 Nfd7 5. f4 c5 6. Nf3 Nc6 7. Be3 cxd4 8. Nxd4
Bc5 9. Qd2 O-O 10. O-O-O a6 11. Qf2 Nxd4 12. Bxd4 Qe7 13. Bd3 b5 14. Ne2 b4 15.
Qe3 a5 16. Qh3 g6 17. Qh6 Ba6 18. h4 b3 19. cxb3 a4 20. h5 Bxd3 21. Rxd3 Rfc8
22. Kb1 axb3 23. Rxb3 Bxd4 24. Nxd4 Nf8 25. a3 Ra4 26. Nc2 d4 27. hxg6 fxg6 28.
Nb4 Ra7 29. Qh3 Qf7 30. Nd5 Nd7 31. Nb6 Rd8 32. Nxd7 Raxd7 33. Rb6 Re8 34. Rd1
Qxf4 35. Rxe6 Qe4+ 36. Ka1 Red8 37. Qb3 Kg7 38. g3 d3 39. Qc3 Qf3 40. Rd2 Qf1+
41. Ka2 Qf7 0-1

[Event "Elit(SodraSASS-Limhamn)"]
[Site "?"]
[Date "2006.??.??"]
[Round "9"]
[White "Ahlander, Bjorn"]
[Black "Sjoberg, Mats"]
[Result "1-0"]
[WhiteElo "2529"]
[BlackElo "2398"]
[PlyCount "49"]
[EventDate "2006.03.19"]

1. d4 Nf6 2. c4 e6 3. Nc3 Bb4 4. e3 b6 5. f3 c5 6. d5 Ba6 7. e4 Nh5 8. Nh3 O-O
9. Bg5 f6 10. Bd2 f5 11. Be2 e5 12. Bg5 Qe8 13. exf5 Bxc3+ 14. bxc3 Nf4 15.
Bxf4 exf4 16. O-O Rxf5 17. Bd3 Rf8 18. Re1 Qd8 19. Re4 d6 20. Nxf4 Bc8 21. Qe2
Na6 22. Ne6 Bxe6 23. Rxe6 Nc7 24. Qe4 Nxe6 25. dxe6 1-0

[Event "Elit(SodraSASS-Limhamn)"]
[Site "?"]
[Date "2006.??.??"]
[Round "9"]
[White "Lundvik, Jonas"]
[Black "Jepson, Christian"]
[Result "1-0"]
[WhiteElo "2348"]
[BlackElo "2476"]
[PlyCount "120"]
[EventDate "2006.03.19"]

1. Nf3 d5 2. d4 Nf6 3. g3 Bf5 4. c4 dxc4 5. Qa4+ c6 6. Qxc4 Nbd7 7. Bg2 e6 8.
O-O Be7 9. Nc3 O-O 10. Re1 Ne4 11. Nxe4 Bxe4 12. Nd2 Nb6 13. Qc3 Bxg2 14. Kxg2
Bf6 15. Nf3 Rc8 16. Qa5 a6 17. Bg5 Bxg5 18. Qxg5 Qxg5 19. Nxg5 c5 20. Red1 Na4
21. Rab1 c4 22. Rd2 b5 23. Rc2 Rfd8 24. e3 h6 25. Ne4 f5 26. Nc3 Nb6 27. Rbc1
Re8 28. Kf3 e5 29. dxe5 Rxe5 30. Rd1 b4 31. Rd6 bxc3 32. Rxb6 cxb2 33. Rcxb2
Ra5 34. h4 Rcc5 35. Rc2 Ra4 36. Ke2 a5 37. Rd6 Rb4 38. Kd2 Rb1 39. Kc3 Kh7 40.
Rd4 Rb4 41. Rd7 Rb1 42. Rb2 Rc1+ 43. Kd2 Rf1 44. Kc3 Rc1+ 45. Kd2 Rf1 46. Ke2
c3 47. Rc2 Rb1 48. Rd3 Rb2 49. Kd1 Rb1+ 50. Ke2 a4 51. Kf3 Rb2 52. Rcxc3 Rxc3
53. Rxc3 Rxa2 54. h5 Rb2 55. Rc5 a3 56. Rxf5 a2 57. Ra5 Kg8 58. Ra7 Kf8 59. e4
Ke8 60. Ke3 Kd8 1-0

[Event "Elit(SodraSASS-Limhamn)"]
[Site "?"]
[Date "2006.??.??"]
[Round "9"]
[White "Eriksson, Magnus"]
[Black "Furhoff, Johan"]
[Result "0-1"]
[WhiteElo "2431"]
[BlackElo "2430"]
[PlyCount "118"]
[EventDate "2006.03.19"]

1. d4 d5 2. c4 c6 3. Nf3 Nf6 4. Qb3 g6 5. Bf4 dxc4 6. Qxc4 Be6 7. Qc2 Bf5 8.
Qb3 Qb6 9. Nbd2 Na6 10. a3 Bg7 11. e3 O-O 12. Rc1 Ne4 13. Qxb6 axb6 14. Nxe4
Bxe4 15. Nd2 Bd5 16. Nc4 b5 17. Nb6 Rad8 18. Nxd5 Rxd5 19. Be2 e5 20. dxe5 Nc5
21. O-O Rd2 22. Bf3 Nd3 23. Rcd1 Rxd1 24. Rxd1 Nxb2 25. Rd7 Nc4 26. Rxb7 Bxe5
27. h4 Bxf4 28. exf4 Rc8 29. Ra7 Nd2 30. Bg4 f5 31. Be2 Re8 32. Bd3 Re1+ 33.
Kh2 Ne4 34. Bxe4 Rxe4 35. g3 h5 36. Rc7 Rc4 37. Kg2 Kf8 38. Kf1 Ke8 39. Rg7 Rc3
40. Rxg6 Kd7 41. Rg7+ Kd6 42. Ra7 Kd5 43. Ke2 c5 44. Ra5 Rb3 45. Ra8 Kd4 46.
Rd8+ Kc4 47. Ra8 Kc3 48. Rf8 Rxa3 49. Rxf5 Kd4 50. Rxh5 b4 51. Rh8 b3 52. h5 b2
53. Rb8 Kc3 54. h6 Ra6 55. g4 Rxh6 56. f5 Rh8 57. Rb7 Rf8 58. Ke3 Kc2 59. Ke4
c4 0-1

[Event "Elit(SodraSASS-Limhamn)"]
[Site "?"]
[Date "2006.??.??"]
[Round "9"]
[White "Welin, Thomas"]
[Black "Dragicevic, Drazen"]
[Result "1/2-1/2"]
[WhiteElo "2382"]
[BlackElo "2298"]
[PlyCount "87"]
[EventDate "2006.03.19"]

1. c4 Nf6 2. Nc3 c5 3. Nf3 d5 4. cxd5 Nxd5 5. g3 Nc6 6. Bg2 Nc7 7. O-O e5 8. d3
Be7 9. Nd2 Bd7 10. Nc4 f6 11. f4 exf4 12. gxf4 O-O 13. f5 b5 14. Ne3 Kh8 15. a4
a6 16. Rf2 Rb8 17. Bd2 Nd4 18. axb5 axb5 19. Ne4 Bc6 20. Rc1 Na6 21. Nf1 Qd7
22. Nfg3 Bd5 23. Nc3 Bf7 24. Bf4 Rbd8 25. Ra1 Nb4 26. Be4 Nb3 27. Rb1 c4 28.
dxc4 Bxc4 29. Qxd7 Rxd7 30. Rd1 Rfd8 31. Rff1 Nd2 32. Bxd2 Rxd2 33. Rxd2 Rxd2
34. Rd1 Rxb2 35. Rd7 Bc5+ 36. Kg2 Kg8 37. Rb7 Nc2 38. Rb8+ Bf8 39. Nxb5 Ne3+
40. Kf3 Nd1 41. Rd8 Rb3+ 42. Kf4 Rxb5 43. Rxd1 Rb3 44. Bd5+ 1/2-1/2

[Event "Elit(SodraSASS-Limhamn)"]
[Site "?"]
[Date "2006.??.??"]
[Round "9"]
[White "Nylen, Anders"]
[Black "Holmqvist, Gunnar"]
[Result "1/2-1/2"]
[WhiteElo "2285"]
[BlackElo "2249"]
[PlyCount "84"]
[EventDate "2006.03.19"]

1. d4 Nf6 2. c4 e6 3. Nc3 d5 4. cxd5 exd5 5. Bg5 Be7 6. Qc2 O-O 7. e3 Re8 8.
Bd3 h6 9. Bh4 c5 10. dxc5 d4 11. exd4 Qxd4 12. Bg3 Qxc5 13. Nge2 Nc6 14. a3 Ne5
15. Bb5 Bd7 16. Bxd7 Nexd7 17. O-O Nb6 18. Rfc1 Rac8 19. Qd3 Red8 20. Qf3 Qc6
21. Qxc6 Rxc6 22. Bf4 Nbd5 23. Nxd5 Rxc1+ 24. Rxc1 Nxd5 25. Be5 Bf6 26. Bxf6
Nxf6 27. Nc3 Rd2 28. b4 Kf8 29. h3 Ke7 30. Kf1 Nd5 31. Nxd5+ Rxd5 32. Ke2 Kd7
33. Rc4 a5 34. Ke3 axb4 35. axb4 Re5+ 36. Kd3 Rd5+ 37. Ke3 Re5+ 38. Kd3 Rd5+
39. Ke4 Ke6 40. Ke3 Re5+ 41. Kd3 Rd5+ 42. Ke3 Re5+ 1/2-1/2

[Event "Elit(SodraSASS-Limhamn)"]
[Site "?"]
[Date "2006.??.??"]
[Round "9"]
[White "Winge, Stefan"]
[Black "Penalver, Osmani"]
[Result "1-0"]
[WhiteElo "2263"]
[BlackElo "2235"]
[PlyCount "67"]
[EventDate "2006.03.19"]

1. e4 c5 2. Nf3 d6 3. d4 cxd4 4. Nxd4 Nf6 5. Nc3 a6 6. f3 e6 7. Be3 Qc7 8. Qd2
Nc6 9. O-O-O Be7 10. g4 Ne5 11. g5 Nfd7 12. f4 Nc4 13. Bxc4 Qxc4 14. Rhf1 b5
15. b3 Qc7 16. f5 Ne5 17. fxe6 fxe6 18. Nce2 Nf7 19. g6 Nd8 20. Nf4 Bf6 21. Nh5
Be5 22. Qg2 h6 23. Nf3 Bc3 24. Rd3 b4 25. Bd4 Bxd4 26. Nxd4 Rf8 27. Rdf3 Rxf3
28. Qxf3 Qe7 29. e5 d5 30. Nf6+ gxf6 31. exf6 Qa7 32. f7+ Nxf7 33. gxf7+ Kf8
34. Qf6 1-0

[Event "Elit(Eksjo-Lulea)"]
[Site "?"]
[Date "2006.??.??"]
[Round "9"]
[White "Vernersson, Per"]
[Black "Larsson, Anders"]
[Result "1/2-1/2"]
[WhiteElo "2522"]
[BlackElo "2394"]
[PlyCount "103"]
[EventDate "2006.??.??"]

1. d4 d6 2. c4 e5 3. Nc3 exd4 4. Qxd4 Nc6 5. Qd2 Nf6 6. b3 Be6 7. e4 g6 8. Bb2
Bg7 9. g3 O-O 10. Bg2 Re8 11. Nge2 a5 12. O-O a4 13. Rad1 axb3 14. axb3 Qc8 15.
Ra1 Rxa1 16. Rxa1 Bh3 17. Bh1 Ne5 18. Qc2 Bg4 19. Nd4 c5 20. Ndb5 Bf3 21. Bg2
Qc6 22. Re1 Bg4 23. Re3 Qd7 24. Qd2 Rd8 25. f4 Nc6 26. Rd3 Ne8 27. Nd5 Be6 28.
Bxg7 Kxg7 29. Qc3+ f6 30. Rd1 Bxd5 31. exd5 Nb4 32. Re1 Na6 33. Re6 Nac7 34.
Nxc7 Qxc7 35. f5 Qf7 36. Qe3 Kf8 37. fxg6 hxg6 38. Qh6+ Qg7 39. Qxg7+ Kxg7 40.
Re7+ Kh6 41. Rxb7 f5 42. Bf3 Nf6 43. Rb6 g5 44. b4 cxb4 45. c5 g4 46. Bg2 Kg5
47. cxd6 Ra8 48. Rxb4 Ra1+ 49. Kf2 Ra2+ 50. Kg1 Ra1+ 51. Kf2 Ra2+ 52. Kg1
1/2-1/2

[Event "Elit(Eksjo-Lulea)"]
[Site "?"]
[Date "2006.??.??"]
[Round "9"]
[White "Kauppila, Osmo"]
[Black "Schussler, Harry"]
[Result "1/2-1/2"]
[WhiteElo "2331"]
[BlackElo "2459"]
[PlyCount "46"]
[EventDate "2006.??.??"]

1. e4 g6 2. d4 Bg7 3. Nc3 d6 4. Nf3 a6 5. a4 b6 6. Bc4 e6 7. O-O Ne7 8. Bf4 Bb7
9. Qd2 h6 10. h4 Nd7 11. Rfe1 Nf6 12. Rad1 Ng4 13. Qe2 Nf6 14. e5 Nfd5 15. Nxd5
Nxd5 16. Bxd5 Bxd5 17. c4 Bxf3 18. Qxf3 O-O 19. exd6 cxd6 20. Qg3 d5 21. Bd6
Re8 22. cxd5 exd5 23. Be5 Qd7 1/2-1/2

[Event "Elit(Eksjo-Lulea)"]
[Site "?"]
[Date "2006.??.??"]
[Round "9"]
[White "Rothen, Hakan"]
[Black "Setterqvist, Kurt"]
[Result "1-0"]
[WhiteElo "2366"]
[BlackElo "2338"]
[PlyCount "95"]
[EventDate "2006.??.??"]

1. d4 d5 2. e3 Nf6 3. Bd3 g6 4. Nd2 Bg7 5. f4 O-O 6. Ngf3 Bf5 7. Bxf5 gxf5 8.
O-O e6 9. b3 Ne4 10. Nxe4 fxe4 11. Ne5 f6 12. Ng4 f5 13. Ne5 Nd7 14. Ba3 Rf6
15. c4 c6 16. Rf2 Nxe5 17. dxe5 Rg6 18. Bd6 Qd7 19. c5 Bf8 20. b4 a5 21. Qd4
axb4 22. Qxb4 Rg7 23. a4 Be7 24. a5 Bd8 25. a6 bxa6 26. Rb2 h6 27. Rab1 Kh7 28.
Qa4 Qe8 29. Rb8 Qg6 30. Qc2 Rxb8 31. Rxb8 Bh4 32. Qe2 Qf7 33. Rb6 Bd8 34. Rxa6
Qb7 35. g3 Qb4 36. Ra8 Ba5 37. Kg2 Qc3 38. Kh3 d4 39. exd4 Bb4 40. Bf8 Rg4 41.
Ra7+ Kh8 42. Bxh6 Qxd4 43. Qa6 Bxc5 44. Qc8+ Rg8 45. Bg7+ Kh7 46. Qxe6 Rxg7 47.
Qxf5+ Kh8 48. Ra8+ 1-0

[Event "Elit(Eksjo-Lulea)"]
[Site "?"]
[Date "2006.??.??"]
[Round "9"]
[White "Marklund, Nicklas"]
[Black "Thornert, Hakan"]
[Result "1/2-1/2"]
[WhiteElo "2267"]
[BlackElo "2277"]
[PlyCount "94"]
[EventDate "2006.??.??"]

1. d4 Nf6 2. c4 e6 3. Nf3 c5 4. g3 cxd4 5. Nxd4 Bb4+ 6. Bd2 Qb6 7. Bxb4 Qxb4+
8. Nc3 d5 9. Ndb5 Na6 10. a3 Qe7 11. Bg2 O-O 12. cxd5 exd5 13. Nxd5 Nxd5 14.
Qxd5 Rd8 15. Qb3 Nc5 16. Qe3 Qxe3 17. fxe3 Nb3 18. Rd1 Rxd1+ 19. Kxd1 Bf5 20.
Ke1 Rd8 21. Bxb7 Rb8 22. Nd6 Rxb7 23. Nxf5 Na5 24. b4 Nc4 25. Kf2 Nxa3 26. Rc1
h6 27. Rc3 Nb5 28. Rc8+ Kh7 29. Rc4 g6 30. Nh4 Kg7 31. Nf3 Nd6 32. Rd4 Nf5 33.
Rf4 Ne7 34. Rc4 Nd5 35. Ne5 Nxb4 36. Nc6 Nxc6 37. Rxc6 Rb6 38. Rc7 Ra6 39. h4
h5 40. Kf3 Kf6 41. Kf4 Ra4+ 42. e4 a5 43. Ra7 Kg7 44. Kf3 Kf6 45. Kf4 Kg7 46.
Kf3 Kf6 47. Kf4 Kg7 1/2-1/2

[Event "Elit(Eksjo-Lulea)"]
[Site "?"]
[Date "2006.??.??"]
[Round "9"]
[White "Miskulin, Dennis"]
[Black "Pettersson, Tobias"]
[Result "1-0"]
[WhiteElo "2299"]
[BlackElo "2147"]
[PlyCount "79"]
[EventDate "2006.??.??"]

1. e4 d6 2. d4 Nf6 3. Nc3 g6 4. Nf3 Bg7 5. Be2 O-O 6. O-O Bg4 7. Be3 c6 8. a4
Nbd7 9. h3 Bxf3 10. Bxf3 e5 11. Qd2 Qe7 12. Rfe1 Rfe8 13. Rad1 Nf8 14. d5 c5
15. Nb5 a6 16. Na3 b6 17. Bg5 Qc7 18. b3 Kh8 19. Qd3 Ng8 20. Bd2 Bh6 21. Bc3
Bg7 22. g3 Reb8 23. Qf1 Nd7 24. Be2 Qb7 25. Nc4 Qc7 26. f4 f6 27. Kg2 Rf8 28.
Ne3 Nb8 29. Bg4 Nd7 30. Be6 Bh6 31. Nc4 Rab8 32. Qf3 Bg7 33. Rf1 Nh6 34. h4 f5
35. Bxd7 Qxd7 36. fxe5 dxe5 37. Nxe5 Qb7 38. Nc6 Rbe8 39. e5 Ng4 40. d6 1-0

[Event "Elit(Eksjo-Lulea)"]
[Site "?"]
[Date "2006.??.??"]
[Round "9"]
[White "Almstrom, Martin"]
[Black "Gustafsson, Fredrik"]
[Result "1-0"]
[WhiteElo "2245"]
[BlackElo "2209"]
[PlyCount "69"]
[EventDate "2006.??.??"]

1. d4 Nf6 2. c4 g6 3. Nc3 d5 4. Nf3 Bg7 5. Bg5 Ne4 6. cxd5 Nxg5 7. Nxg5 e6 8.
Nf3 exd5 9. b4 O-O 10. e3 Be6 11. Bd3 Nd7 12. O-O Qe7 13. Qb3 c6 14. b5 f5 15.
Rfe1 Qd6 16. Ng5 Rae8 17. f4 Nf6 18. bxc6 bxc6 19. Rac1 Ng4 20. Nf3 c5 21. Nb5
Qb8 22. Rxc5 Nxe3 23. Rxe3 Qxf4 24. Re1 a6 25. Rc6 Bf7 26. Rxa6 Rxe1+ 27. Nxe1
Qe3+ 28. Kf1 Re8 29. Qd1 g5 30. Nc2 Qf4+ 31. Kg1 g4 32. g3 Qg5 33. Nd6 Rb8 34.
Nxf5 Bf6 35. Qxg4 1-0

[Event "Elit(Eksjo-Lulea)"]
[Site "?"]
[Date "2006.??.??"]
[Round "9"]
[White "Krantz, Christopher"]
[Black "Engstrom, Kaj"]
[Result "1-0"]
[WhiteElo "2196"]
[BlackElo "2206"]
[PlyCount "129"]
[EventDate "2006.??.??"]

1. e4 c5 2. Nf3 e6 3. d4 cxd4 4. Nxd4 a6 5. Bd3 Bc5 6. Nb3 Ba7 7. Nc3 Nc6 8.
O-O Qh4 9. Qe2 Nf6 10. h3 g5 11. Nd5 exd5 12. exd5+ Kd8 13. dxc6 Re8 14. Qf3 g4
15. c7+ Kxc7 16. Qf4+ d6 17. Qc4+ Kd8 18. Qb4 Be6 19. Qa5+ Ke7 20. Bg5 Qg3 21.
Qc3 gxh3 22. Bxf6+ Kf8 23. Be4 Qxc3 24. Bxc3 Bxb3 25. Bxb7 Bc4 26. Bxa8 Bxf1
27. Rxf1 Rxa8 28. gxh3 Ke8 29. Re1+ Kd7 30. Re4 Rg8+ 31. Kf1 Rg5 32. Rf4 Ke6
33. Ke2 h5 34. Ra4 Rf5 35. f3 Rg5 36. Rxa6 Rg2+ 37. Kd3 Bg1 38. Bd2 Bh2 39. Ra5
f5 40. Ra4 Bg3 41. b4 Kd7 42. b5 Kc7 43. Rc4+ Kb8 44. Bf4 h4 45. Bxg3 hxg3 46.
Ke3 Rd2 47. Rh4 Rxc2 48. Rh8+ Kc7 49. Kf4 g2 50. Rg8 Rxa2 51. Kxf5 Kb6 52. h4
Kxb5 53. h5 Kc4 54. Rg4+ Kd3 55. h6 g1=Q 56. Rxg1 Rh2 57. Kg6 Ke3 58. Rd1 Kxf3
59. Rxd6 Ke4 60. Kg7 Ke5 61. Rg6 Ra2 62. h7 Ra7+ 63. Kh6 Ra8 64. Rg8 Ra6+ 65.
Kg5 1-0